Antropología de Mesoamérica. (Record no. 51452)

MARC details
000 -LEADER
fixed length control field 01840cam a22003371 4500
001 - CONTROL NUMBER
control field pa 61000012
003 - CONTROL NUMBER IDENTIFIER
control field DLC
005 - DATE AND TIME OF LATEST TRANSACTION
control field 20260227111855.0
008 - FIXED-LENGTH DATA ELEMENTS--GENERAL INFORMATION
fixed length control field 750722s1960 xx 100 0 spa
010 ## - LIBRARY OF CONGRESS CONTROL NUMBER
LC control number pa 61000012
035 ## - SYSTEM CONTROL NUMBER
System control number (OCoLC)1467506
040 ## - CATALOGING SOURCE
Original cataloging agency DLC
Transcribing agency FU
Modifying agency DLC
042 ## - AUTHENTICATION CODE
Authentication code premarc
043 ## - GEOGRAPHIC AREA CODE
Geographic area code n-mx---
-- nc-----
050 00 - LIBRARY OF CONGRESS CALL NUMBER
Classification number F1434
Item number .S95 1955a
111 2# - MAIN ENTRY--MEETING NAME
Meeting name or jurisdiction name as entry element Symposium on Middle American Anthropology
Date of meeting or treaty signing (1955 :
Location of meeting Boston)
245 10 - TITLE STATEMENT
Title Antropología de Mesoamérica.
Remainder of title [Symposium de la Américan Anthropological Association]
Statement of responsibility, etc. Ed. de Gordon R. Willey, Evon Z. Vogt y Angel Palerm.
260 ## - PUBLICATION, DISTRIBUTION, ETC.
Place of publication, distribution, etc. Washington,
Name of publisher, distributor, etc. Unión Panamericana,
Date of publication, distribution, etc. 1960.
300 ## - PHYSICAL DESCRIPTION
Extent 2 v.
Dimensions 25cm.
490 1# - SERIES STATEMENT
Series statement Estudios monográficos, 5 y 10
500 ## - GENERAL NOTE
General note Issued also in English.
504 ## - BIBLIOGRAPHY, ETC. NOTE
Bibliography, etc. note Includes bibliographies.
505 0# - FORMATTED CONTENTS NOTE
Formatted contents note v. 1. La arqueología mesoamericana desde 1906, por A. Kidder. Las secuencias regionales en Mesoamérica y sus relaciones, por G. F. Ekholm. Estudios sobre arte mesoamericano, por T. Proskouriakoff. Investigaciones sobre la escritura jeroglífica Maya, por J.E.S. Thompson.--v. 2. Lingüística mesoamericana: 1955, por N.A. McQuown. Etnografía mesoamericana, por P. Carrasco. Antropología aplicada en Mexico, por A. Caso y G. Aguirre Beltrán. Teoría en etnología mesoamericana, por J. Guillin. El problema de la subsistencia en la historia mesoamericana, por H. Aschmann.
650 #0 - SUBJECT ADDED ENTRY--TOPICAL TERM
Topical term or geographic name entry element Indians of Mexico
Form subdivision Congresses.
650 #0 - SUBJECT ADDED ENTRY--TOPICAL TERM
Topical term or geographic name entry element Indians of Central America
Form subdivision Congresses.
651 #0 - SUBJECT ADDED ENTRY--GEOGRAPHIC NAME
Geographic name Mexico
General subdivision Antiquities
Form subdivision Congresses.
651 #0 - SUBJECT ADDED ENTRY--GEOGRAPHIC NAME
Geographic name Central America
General subdivision Antiquities
Form subdivision Congresses.
700 1# - ADDED ENTRY--PERSONAL NAME
Personal name Willey, Gordon R.
Fuller form of name (Gordon Randolph),
Dates associated with a name 1913-2002,
Relator term ed.
710 2# - ADDED ENTRY--CORPORATE NAME
Corporate name or jurisdiction name as entry element American Anthropological Association.
810 2# - SERIES ADDED ENTRY--CORPORATE NAME
Corporate name or jurisdiction name as entry element Pan American Union.
Subordinate unit Social Science Section.
Title of a work Estudios monográficos ;
Volume/sequential designation 5 [etc.]

No items available.

Powered by Koha